000 00484nam a2200193Ia 4500
003 GCL
008 140319s9999 xx 000 0 eng d
040 _aGCL /
_cGCL
082 0 4 _aCC
_b755.9484
_bL P
100 1 _aLEORY, JULES
245 1 0 _aLES PEINTURES DES COUVENTS DU DESERT D'ESNA /
_cLEORY, JULES
260 _a[S.N] :
_bIFAO ،
_c1975
300 _a85 P
650 0 4 _aESNA
650 0 4 _aARTS
650 0 4 _aCHRISTIAN, ART
650 0 4 _aMONARCHY - EGYPT
942 _2ddc
_cBK
999 _c15367
_d15367